000 00995nam a22002537a 4500
005 20170124102936.0
010 _aA-929219
020 _c60.00
035 _aA-929219
037 _bCen Lib/Ret
040 _aDPL
_bHN
082 _a827
_bविप्रम
100 _aविप्रम
_9500
245 _aप्यास ही प्यास :
_cविप्रम
246 _aPyas hi pyas /
_bby Vipram
260 _aदिल्ली
_bकवी सभा दिल्ली
_c1995
270 _a30/106, गली नंबर 7, विशवास नगर, शाहदरा
_bदिल्ली
_e110032
300 _a88पृ.
_c18सेमी (सजिल्द)
650 _aहिंदी साहित्य
_9113324
650 _aहिंदी साहित्य --कहानिया
_91009
650 _aHindi literature
_9113325
650 _aHindi literature--Stories
_9113326
942 _2ddc
_cHN
_h827
_mविप्रम
999 _c112250
_d112250